000 01224nam2a2200217 4500
001 RU\NLR\BIBL_A\022439432
005 20250627131508.0
035 _a(NLR Aleph) 022439432
090 _a13351095
_c13351095
100 _a20250130d1957 |||y0rusy50 ca
101 0 _arus
102 _aRU
200 1 _aОпыт цехового хозрасчета на заводе подъемно-транспортного оборудования имени С.М. Кирова
210 _d1957
_aБ. м.
461 0 _1001RU\NLR\INFOCOMM15\1000067225
_12001#$aОбмен передовым опытом$fМ-во тяж. машиностроения СССР. Всесоюз. проектно-технол. ин-т. ВПТИ$v№ 55
_92115482
_aВсесоюзный проектно-технологический институт тяжелого машиностроения
_cМ.
_d1956-1958
_fМ-во тяж. машиностроения СССР. Всесоюз. проектно-технол. ин-т. ВПТИ
_tОбмен передовым опытом
_v№ 55
700 1 _aАлякринский
_bЮ. С.
_gЮрий Сергеевич
852 _aNLR
_jП10/1451
942 _cISSUE
980 _aRUSPER
980 _aNB